ბათუმის შოთა რუსთაველის სახელმწიფო უნივერსიტეტის ბიბლიოთეკა

Operations research : (ბიბ.ჩანაწერი № 58341)

000 -LEADER
fixed length control field 01485cam a22003734a 4500
001 - CONTROL NUMBER
control field 13166625
005 - DATE AND TIME OF LATEST TRANSACTION
control field 20211116151540.0
008 - FIXED-LENGTH DATA ELEMENTS--GENERAL INFORMATION
fixed length control field 030417s2004 caua 001 0 eng
010 ## - LIBRARY OF CONGRESS CONTROL NUMBER
LC control number 2003105883
020 ## - INTERNATIONAL STANDARD BOOK NUMBER
International Standard Book Number 0534380581 (student ed., InfoTrac college ed.)
020 ## - INTERNATIONAL STANDARD BOOK NUMBER
International Standard Book Number 0534423582 (student ed.)
020 ## - INTERNATIONAL STANDARD BOOK NUMBER
International Standard Book Number 0534423620 (international student ed.)
035 ## - SYSTEM CONTROL NUMBER
System control number (DLC) 2003105883
040 ## - CATALOGING SOURCE
Original cataloging agency DLC
Transcribing agency DLC
Modifying agency DLC
042 ## - AUTHENTICATION CODE
Authentication code pcc
050 00 - LIBRARY OF CONGRESS CALL NUMBER
Classification number T57.6
Item number .W645 2004
080 ## - UNIVERSAL DECIMAL CLASSIFICATION NUMBER
Universal Decimal Classification number 004.421 W-73
082 00 - DEWEY DECIMAL CLASSIFICATION NUMBER
Classification number 003
Edition number 22
100 1# - MAIN ENTRY--PERSONAL NAME
Personal name Winston, Wayne L.
9 (RLIN) 12927
245 10 - TITLE STATEMENT
Title Operations research :
Remainder of title applications and algorithms /
Statement of responsibility, etc. Wayne L. Winston ; with cases by Jeffrey B. Goldberg.
250 ## - EDITION STATEMENT
Edition statement 4th ed.
260 ## - PUBLICATION, DISTRIBUTION, ETC.
Place of publication, distribution, etc. Belmont, CA :
Name of publisher, distributor, etc. Thomson/Brooks/Cole,
Date of publication, distribution, etc. c2004
300 ## - PHYSICAL DESCRIPTION
Extent xvi, 1418 p. :
Other physical details ill. ;
Dimensions 26 cm. +
Accompanying material 1 CD-ROM (4 3/4 in.)
500 ## - GENERAL NOTE
General note Includes index.
538 ## - SYSTEM DETAILS NOTE
System details note System requirements for accompanying CD-ROM: Microsoft Windows.
650 #0 - SUBJECT ADDED ENTRY--TOPICAL TERM
Topical term or geographic name entry element Operations research
Form subdivision Textbooks.
9 (RLIN) 12928
653 ## - INDEX TERM--UNCONTROLLED
keyword Operations Research: Applications and Algorithms
653 ## - INDEX TERM--UNCONTROLLED
keyword საინფორმაციო ტექნოლოგიები
653 ## - INDEX TERM--UNCONTROLLED
keyword Информационные технологии
700 1# - ADDED ENTRY--PERSONAL NAME
Personal name Goldberg, Jeffrey B.
9 (RLIN) 12929
906 ## - LOCAL DATA ELEMENT F, LDF (RLIN)
a 7
b cbc
c orignew
d 3
e epcn
f 20
g y-gencatlg
942 ## - ADDED ENTRY ELEMENTS (KOHA)
Source of classification or shelving scheme
Koha item type წიგნი
ეგზემპლარები
Withdrawn status Lost status Source of classification or shelving scheme Damaged status Not for loan Permanent Location Current Location Shelving location Date acquired Cost, normal purchase price Full call number Barcode Date last seen Copy number Price effective from Koha item type Public note
          ბათუმის შოთა რუსთაველის სახელმწიფო უნივერსიტეტის მთავარი ბიბლიოთეკა ბათუმის შოთა რუსთაველის სახელმწიფო უნივერსიტეტის მთავარი ბიბლიოთეკა წიგნსაცავი 2021-11-16 350.00 004.421 W-73 55419 2021-11-16 55419 2021-11-16 წიგნი 350.00 GEL.